<?xml version="1.0" encoding="UTF-8"?><?xml-stylesheet type="text/xsl" href="static/style.xsl"?><OAI-PMH xmlns="http://www.openarchives.org/OAI/2.0/" xmlns:xsi="http://www.w3.org/2001/XMLSchema-instance" xsi:schemaLocation="http://www.openarchives.org/OAI/2.0/ http://www.openarchives.org/OAI/2.0/OAI-PMH.xsd"><responseDate>2026-04-13T13:37:18Z</responseDate><request verb="GetRecord" identifier="oai:www.recercat.cat:2117/393435" metadataPrefix="marc">https://recercat.cat/oai/request</request><GetRecord><record><header><identifier>oai:recercat.cat:2117/393435</identifier><datestamp>2025-07-22T15:24:43Z</datestamp><setSpec>com_2072_1033</setSpec><setSpec>col_2072_452951</setSpec></header><metadata><record xmlns="http://www.loc.gov/MARC21/slim" xmlns:dcterms="http://purl.org/dc/terms/" xmlns:xsi="http://www.w3.org/2001/XMLSchema-instance" xmlns:doc="http://www.lyncode.com/xoai" xsi:schemaLocation="http://www.loc.gov/MARC21/slim http://www.loc.gov/standards/marcxml/schema/MARC21slim.xsd">
   <leader>00925njm 22002777a 4500</leader>
   <datafield ind2=" " ind1=" " tag="042">
      <subfield code="a">dc</subfield>
   </datafield>
   <datafield ind2=" " ind1=" " tag="720">
      <subfield code="a">Fortuño i Roig, Laura</subfield>
      <subfield code="e">author</subfield>
   </datafield>
   <datafield ind2=" " ind1=" " tag="260">
      <subfield code="c">2023-06-15</subfield>
   </datafield>
   <datafield ind2=" " ind1=" " tag="520">
      <subfield code="a">A Catalunya s'ha fet una aposta clara per la digitalització de les aules i s'ha invertit i s'està invertint una gran quantitat de recursos per tal de dotar a tots els estudiants amb les eines necessàries per assolir la competència digital. Però el repartiment d'ordinadors als alumnes i de projectors i pissarres digitals a les escoles i instituts, fa pensar no només en les coses positives que això pot comportar sinó també en els efectes col·laterals que pot tenir. L'objectiu d'aquest treball és identificar quines de les pràctiques que es donen a l'aula en el dia a dia poden ser més eficients amb les eines TIC i quines pràctiques es tornen més ineficients quan es realitzen amb eines TIC. S'ha iniciat el treball revisant estudis d'investigació sobre aquest tema i extraient-ne algunes conclusions. A continuació s'ha fet un treball de camp a dos centres educatius. S'han dissenyat unes proves que reflectissin aquestes pràctiques diàries i que permetessin extreure si les eines TIC fan l'aprenentatge més o menys eficient. Els resultats d'aquest treball són recomanacions de com dur a terme algunes de les pràctiques del dia a dia a l'aula per tal d'obtenir-ne el màxim rendiment. També es confirma que les eines TIC no sempre afavoreixen l'aprenentatge i que caldria un estudi més profund i amb més medis per saber quins són els resultats per la resta de pràctiques del dia a dia a l'aula que no s'han pogut testar.</subfield>
   </datafield>
   <datafield tag="653" ind2=" " ind1=" ">
      <subfield code="a">Àrees temàtiques de la UPC::Ensenyament i aprenentatge::Ensenyament secundari</subfield>
   </datafield>
   <datafield tag="653" ind2=" " ind1=" ">
      <subfield code="a">Education--Data processing</subfield>
   </datafield>
   <datafield tag="653" ind2=" " ind1=" ">
      <subfield code="a">Information technology-- Study and teaching (Secondary)</subfield>
   </datafield>
   <datafield tag="653" ind2=" " ind1=" ">
      <subfield code="a">ICT tools</subfield>
   </datafield>
   <datafield tag="653" ind2=" " ind1=" ">
      <subfield code="a">digitalització</subfield>
   </datafield>
   <datafield tag="653" ind2=" " ind1=" ">
      <subfield code="a">eficiència</subfield>
   </datafield>
   <datafield tag="653" ind2=" " ind1=" ">
      <subfield code="a">eines TIC</subfield>
   </datafield>
   <datafield tag="653" ind2=" " ind1=" ">
      <subfield code="a">aprenentatge</subfield>
   </datafield>
   <datafield tag="653" ind2=" " ind1=" ">
      <subfield code="a">rendiment</subfield>
   </datafield>
   <datafield tag="653" ind2=" " ind1=" ">
      <subfield code="a">digitization</subfield>
   </datafield>
   <datafield tag="653" ind2=" " ind1=" ">
      <subfield code="a">efficiency</subfield>
   </datafield>
   <datafield tag="653" ind2=" " ind1=" ">
      <subfield code="a">learning</subfield>
   </datafield>
   <datafield tag="653" ind2=" " ind1=" ">
      <subfield code="a">performance</subfield>
   </datafield>
   <datafield tag="653" ind2=" " ind1=" ">
      <subfield code="a">Ordinadors en l'ensenyament</subfield>
   </datafield>
   <datafield tag="653" ind2=" " ind1=" ">
      <subfield code="a">Tecnologia de la informació--Educació secundària obligatòria</subfield>
   </datafield>
   <datafield ind2="0" ind1="0" tag="245">
      <subfield code="a">L'eficiència en l'aprenentatge de l'ús de l'ordinador a l'aula</subfield>
   </datafield>
</record></metadata></record></GetRecord></OAI-PMH>